[Event "Novokuznetsk Old Stager op"]
[Site "Novokuznetsk"]
[Date "2015.01.25"]
[Round "5"]
[White "Khramtsova, Irina"]
[Black "Makarov, Vladimir Ivan"]
[Result "1/2-1/2"]
[WhiteElo "2012"]
[BlackElo "2076"]
[PlyCount "127"]
[EventDate "2015.01.10"]
[EventType "swiss"]
[EventRounds "9"]
[EventCountry "RUS"]
[SourceTitle "EXT 2018"]
[Source "ChessBase"]
[SourceDate "2017.10.13"]
[SourceVersion "1"]
[SourceVersionDate "2017.10.13"]
[SourceQuality "1"]

1. e4 c5 2. Nf3 e6 3. d4 cxd4 4. Nxd4 a6 5. Nc3 d6 6. Be2 Qc7 7. Be3 Nf6 8. Qd2 Be7 9. f4 Bd7 10. Bf3 Nc6 11. 0-0 Nxd4 12. Bxd4 Bc6 13. Rad1 0-0 14. Bxf6 Bxf6 15. Kh1 Rfd8 16. Qe3 Rac8 17. Rd2 b5 18. a3 Qb7 19. Nd1 e5 20. c3 exf4 21. Qxf4 Be5 22. Qe3 Qe7 23. Nf2 Qh4 24. Ng4 Re8 25. Nxe5 Rxe5 26. Rxd6 Bxe4 27. Bxe4 Rxe4 28. Qf3 Qe7 29. Rxa6 Rd8 30. Ra7 Qxa7 31. Qxe4 Qf2 32. Qb1 Qe2 33. Re1 Qd2 34. h3 g6 35. Qc1 Qd5 36. Qc2 Qg5 37. Re2 Qf4 38. Kg1 Rd5 39. Rf2 Qd6 40. Qe2 f5 41. Qe3 Rd3 42. Qe2 Kf7 43. Qc2 Rd1+ 44. Rf1 Qc5+ 45. Qf2 Qxf2+ 46. Kxf2 Rd2+ 47. Ke3 Rxb2 48. g4 Kf6 49. Kd4 Rb3 50. gxf5 g5 51. Ra1 h5 52. a4 bxa4 53. Rxa4 Kxf5 54. Ra8 Kf4 55. Rh8 h4 56. Rg8 Rb2 57. Rf8+ Kg3 58. Rf5 Kxh3 59. Rxg5 Rg2 60. Rh5 Rg4+ 61. Kd5 Kg3 62. c4 h3 63. Rxh3+ Kxh3 64. c5 1/2-1/2

[Event "Novokuznetsk Old Stager op"]
[Site "Novokuznetsk"]
[Date "2015.01.10"]
[Round "1"]
[White "Kozlov, Vasiliy"]
[Black "Khramtsova, Irina"]
[Result "0-1"]
[WhiteElo "1792"]
[BlackElo "2012"]
[PlyCount "120"]
[EventDate "2015.01.10"]
[EventType "swiss"]
[EventRounds "9"]
[EventCountry "RUS"]
[SourceTitle "EXT 2018"]
[Source "ChessBase"]
[SourceDate "2017.10.13"]
[SourceVersion "1"]
[SourceVersionDate "2017.10.13"]
[SourceQuality "1"]

1. e4 c5 2. Nf3 d6 3. d4 cxd4 4. Nxd4 Nf6 5. Nc3 e6 6. Be2 Be7 7. 0-0 a6 8. Kh1 Qc7 9. Be3 b5 10. a3 Bb7 11. f3 Nbd7 12. Qd2 Ne5 13. Rfd1 Rc8 14. Bf1 Nc4 15. Bxc4 Qxc4 16. Nde2 0-0 17. Qd4 d5 18. Qxc4 Rxc4 19. exd5 Nxd5 20. Nxd5 Bxd5 21. c3 Rcc8 22. Rd2 Rfd8 23. Rad1 Bc4 24. Rxd8+ Rxd8 25. Rxd8+ Bxd8 26. Nd4 Bc7 27. Kg1 e5 28. Nc2 f5 29. g3 Kf7 30. Kf2 Ke6 31. Ba7 g5 32. Ne3 Bd3 33. Ng2 h6 34. Ne1 Bb1 35. Ke3 f4+ 36. Ke2 Kd5 37. gxf4 gxf4 38. Bg1 Kc4 39. Kd2 Kb3 40. Kc1 Bg6 41. Bf2 Bd8 42. Ng2 Bd3 43. h4 Be2 44. Ne1 Bf6 45. Kb1 Bc4 46. Kc1 Bd5 47. Kb1 e4 48. fxe4 Bxe4+ 49. Kc1 h5 50. Kd2 Kxb2 51. Nd3+ Bxd3 52. Kxd3 Bxc3 53. Bc5 Bf6 54. Ke4 f3 55. Kxf3 Bxh4 56. Kg2 Bf6 57. Kh3 Kb3 58. Bd6 a5 59. Kg3 Bb2 60. Bc7 a4 0-1

[Event "Novokuznetsk Summer op"]
[Site "Novokuznetsk"]
[Date "2013.06.27"]
[Round "9"]
[White "Silin, Sergei"]
[Black "Khramtsova, Irina"]
[Result "1-0"]
[WhiteElo "1883"]
[BlackElo "2041"]
[PlyCount "109"]
[EventDate "2013.06.17"]
[EventType "swiss"]
[EventRounds "9"]
[EventCountry "RUS"]
[SourceTitle "EXT 2014"]
[Source "ChessBase"]
[SourceDate "2013.11.20"]
[SourceVersion "1"]
[SourceVersionDate "2013.11.20"]
[SourceQuality "1"]

1. Nf3 Nf6 2. g3 d5 3. Bg2 c5 4. 0-0 Nc6 5. d3 e5 6. Nbd2 Bf5 7. Nh4 Be6 8. e4 dxe4 9. dxe4 Qd7 10. c3 0-0-0 11. Qe2 Be7 12. Nhf3 h6 13. a3 Qd3 14. Qxd3 Rxd3 15. Ne1 Rdd8 16. b4 Nd7 17. f4 f6 18. f5 Bf7 19. Nc2 Nb6 20. Rf2 Na4 21. Rf3 Rd7 22. Bf1 a6 23. b5 axb5 24. Bxb5 Nb6 25. a4 Rhd8 26. Rf2 Rc7 27. a5 Na8 28. Nc4 Rd1+ 29. Kg2 Na7 30. Nb6+ Kb8 31. Be2 Rd6 32. Ne3 Rcc6 33. Ned5 Bf8 34. Bc4 Nxb6 35. Nxb6 Bxc4 36. Nxc4 Rd3 37. Rf3 Rd8 38. Bb2 Ra6 39. Kf2 Nc6 40. Ke2 Kc7 41. Rd3 Rxd3 42. Kxd3 Be7 43. Bc1 Kd8 44. Ra3 b5 45. axb6 Rxa3 46. Bxa3 Kc8 47. Ne3 Kb7 48. Nd5 Bd6 49. Kc4 Na5+ 50. Kb5 Nb3 51. g4 Nd2 52. Bxc5 Bb8 53. Bf8 Nxe4 54. c4 Bd6 55. Bxg7 1-0

[Event "Novokuznetsk Summer op"]
[Site "Novokuznetsk"]
[Date "2013.06.26"]
[Round "8"]
[White "Khramtsova, Irina"]
[Black "Bureev, Danila"]
[Result "0-1"]
[WhiteElo "2041"]
[BlackElo "1964"]
[PlyCount "60"]
[EventDate "2013.06.17"]
[EventType "swiss"]
[EventRounds "9"]
[EventCountry "RUS"]
[SourceTitle "EXT 2014"]
[Source "ChessBase"]
[SourceDate "2013.11.20"]
[SourceVersion "1"]
[SourceVersionDate "2013.11.20"]
[SourceQuality "1"]

1. e4 Nf6 2. e5 Nd5 3. c4 Nb6 4. d4 d6 5. Bf4 dxe5 6. dxe5 Qxd1+ 7. Kxd1 Nc6 8. Nc3 Be6 9. c5 Nc4 10. Nf3 0-0-0+ 11. Kc1 f6 12. exf6 exf6 13. b3 N4e5 14. Nxe5 fxe5 15. Be3 Nd4 16. b4 a5 17. bxa5 Bxc5 18. Kb2 Bf5 19. Bc4 Rd6 20. a3 b6 21. Na4 Rc6 22. axb6 Bxb6 23. Nxb6+ Rxb6+ 24. Ka2 Kd7 25. Rhd1 c5 26. f4 Rhb8 27. Rd2 Bb1+ 28. Rxb1 Rxb1 29. fxe5 Ke8 30. a4 R1b4 0-1

[Event "Novokuznetsk Summer op"]
[Site "Novokuznetsk"]
[Date "2013.06.25"]
[Round "7"]
[White "Khramtsova, Irina"]
[Black "Buts, Nikita"]
[Result "1-0"]
[WhiteElo "2041"]
[BlackElo "1976"]
[PlyCount "173"]
[EventDate "2013.06.17"]
[EventType "swiss"]
[EventRounds "9"]
[EventCountry "RUS"]
[SourceTitle "EXT 2014"]
[Source "ChessBase"]
[SourceDate "2013.11.20"]
[SourceVersion "1"]
[SourceVersionDate "2013.11.20"]
[SourceQuality "1"]

1. e4 d5 2. exd5 Qxd5 3. Nc3 Qd6 4. d4 Nf6 5. Be2 a6 6. h3 Bf5 7. Nf3 e6 8. 0-0 Be7 9. Ne5 Nc6 10. Nxc6 bxc6 11. Bf3 0-0 12. Re1 Rfd8 13. Be3 Rab8 14. Rb1 Nd5 15. Ne4 Bxe4 16. Bxe4 Qb4 17. c3 Qc4 18. Qd3 Qxd3 19. Bxd3 Nxe3 20. fxe3 a5 21. b3 c5 22. Bc4 cxd4 23. exd4 c5 24. dxc5 Bxc5+ 25. Kf1 Rd2 26. Re2 Rbd8 27. a4 Rd1+ 28. Rxd1 Rxd1+ 29. Re1 Rxe1+ 30. Kxe1 Kf8 31. Ke2 Ke7 32. Kd3 Kd6 33. Ba6 Kc6 34. Kc4 e5 35. Bb5+ Kd6 36. b4 Bb6 37. Be8 f5 38. Bf7 e4 39. Kb5 Kc7 40. bxa5 Ba7 41. Kc4 f4 42. Bd5 e3 43. Bf3 g5 44. Kd5 Kd7 45. Ke5 Bc5 46. a6 Kc7 47. a5 Kb8 48. h4 gxh4 49. Kxf4 Ka7 50. Be2 Kb8 51. Kg5 Be7+ 52. Kh6 Bf6 53. c4 Bd4 54. Kxh7 Ka7 55. Kg6 Bc5 56. Kh5 Be7 57. c5 Bd8 58. c6 Kb8 59. Kg4 Ka7 60. Kf4 Bxa5 61. Kxe3 Kb6 62. Bb5 Be1 63. Ke4 Bg3 64. Kd5 Bb8 65. Be2 Kc7 66. Bg4 Ba7 67. Bd7 Bf2 68. Ke6 Ba7 69. Kf5 Kd8 70. Kg4 Bf2 71. Kh3 Ke7 72. Bg4 Kd6 73. Bf3 Ke7 74. a7 Bxa7 75. Kxh4 Bb8 76. Kg5 Kf7 77. Kh6 Kf6 78. g4 Bf4+ 79. Kh5 Be5 80. g5+ Kg7 81. Kg4 Bc7 82. Kf5 Kf7 83. Bd5+ Kg7 84. g6 Bh2 85. Bf7 Bb8 86. Ke6 Bh2 87. Kd7 1-0

[Event "Novokuznetsk Summer op"]
[Site "Novokuznetsk"]
[Date "2013.06.17"]
[Round "1"]
[White "Khramtsova, Irina"]
[Black "Sukiasyan, Artem"]
[Result "1/2-1/2"]
[WhiteElo "2041"]
[BlackElo "1945"]
[PlyCount "31"]
[EventDate "2013.06.17"]
[EventType "swiss"]
[EventRounds "9"]
[EventCountry "RUS"]
[SourceTitle "EXT 2014"]
[Source "ChessBase"]
[SourceDate "2013.11.20"]
[SourceVersion "1"]
[SourceVersionDate "2013.11.20"]
[SourceQuality "1"]

1. e4 c5 2. Nf3 Nc6 3. Bb5 e6 4. Bxc6 bxc6 5. 0-0 d5 6. d3 Nf6 7. Nc3 Be7 8. Bf4 0-0 9. Re1 Ba6 10. Qd2 Qb6 11. Rab1 c4 12. d4 dxe4 13. Nxe4 Nxe4 14. Rxe4 c5 15. dxc5 Bxc5 16. Be3 1/2-1/2

[Event "Novokuznetsk-ch"]
[Site "Novokuznetsk"]
[Date "2012.12.08"]
[Round "6"]
[White "Khramtsova, Irina"]
[Black "Akishina, Tatyana"]
[Result "1-0"]
[WhiteElo "2046"]
[BlackElo "1975"]
[PlyCount "71"]
[EventDate "2012.11.18"]
[EventType "swiss"]
[EventRounds "9"]
[EventCountry "RUS"]
[SourceTitle "EXT 2014"]
[Source "ChessBase"]
[SourceDate "2013.11.20"]
[SourceVersion "1"]
[SourceVersionDate "2013.11.20"]
[SourceQuality "1"]

1. e4 Nc6 2. d4 d5 3. e5 Bf5 4. c3 e6 5. Nf3 Nge7 6. Nh4 Bg6 7. Bg5 Qd7 8. Nd2 h6 9. Nxg6 Nxg6 10. Be3 Be7 11. Bd3 Nh4 12. Qg4 0-0-0 13. 0-0-0 g5 14. f4 Nf5 15. Bf2 Rdg8 16. g3 h5 17. Qf3 gxf4 18. Qxf4 Bg5 19. Qf3 Nce7 20. Kb1 Qe8 21. Nb3 Kb8 22. Nc5 Rf8 23. Qe2 Ng7 24. Bb5 c6 25. Bd3 Nc8 26. Be3 Bxe3 27. Qxe3 Nb6 28. Rhf1 Nd7 29. Nb3 Qe7 30. Rf4 b6 31. Rdf1 Kb7 32. Qf2 Rhg8 33. Rxf7 Rxf7 34. Qxf7 Qxf7 35. Rxf7 Kc8 36. Bh7 1-0

[Event "Novokuznetsk-ch"]
[Site "Novokuznetsk"]
[Date "2012.11.24"]
[Round "2"]
[White "Khramtsova, Irina"]
[Black "Trenkov, Ivan"]
[Result "1-0"]
[WhiteElo "2046"]
[BlackElo "1921"]
[PlyCount "83"]
[EventDate "2012.11.18"]
[EventType "swiss"]
[EventRounds "9"]
[EventCountry "RUS"]
[SourceTitle "EXT 2014"]
[Source "ChessBase"]
[SourceDate "2013.11.20"]
[SourceVersion "1"]
[SourceVersionDate "2013.11.20"]
[SourceQuality "1"]

1. e4 e5 2. Nf3 Nf6 3. Nc3 Nc6 4. Bb5 Nd4 5. Bc4 d6 6. Ng5 Be6 7. Nxe6 Nxe6 8. 0-0 Be7 9. d3 0-0 10. h3 Qd7 11. Be3 c6 12. Qf3 Rfd8 13. Ne2 d5 14. Bb3 d4 15. Bd2 Nc5 16. Ng3 Nxb3 17. axb3 Qe6 18. Nf5 Bf8 19. g4 g6 20. Qg3 Kh8 21. Nh4 Bd6 22. Nf3 Nd7 23. Bh6 Bf8 24. Qh4 Bxh6 25. Qxh6 Qf6 26. Ng5 Qg7 27. Qh4 h6 28. f4 Kg8 29. Nf3 exf4 30. g5 hxg5 31. Nxg5 Re8 32. Qxf4 f6 33. Nf3 Ne5 34. Nxd4 f5 35. Rf2 Nxd3 36. cxd3 Qxd4 37. Qg5 fxe4 38. Ra4 Qe5 39. Qxg6+ Kh8 40. Qh6+ Kg8 41. Rxe4 Qg7+ 42. Rg2 1-0

[Event "Novokuznetsk-ch"]
[Site "Novokuznetsk"]
[Date "2012.11.18"]
[Round "1"]
[White "Sukiasyan, Artem"]
[Black "Khramtsova, Irina"]
[Result "1-0"]
[WhiteElo "1822"]
[BlackElo "2046"]
[PlyCount "55"]
[EventDate "2012.11.18"]
[EventType "swiss"]
[EventRounds "9"]
[EventCountry "RUS"]
[SourceTitle "EXT 2014"]
[Source "ChessBase"]
[SourceDate "2013.11.20"]
[SourceVersion "1"]
[SourceVersionDate "2013.11.20"]
[SourceQuality "1"]

1. Nf3 d5 2. c4 e6 3. g3 Nf6 4. Bg2 Be7 5. b3 0-0 6. Bb2 c5 7. e3 Nc6 8. 0-0 Qb6 9. cxd5 exd5 10. Nc3 Rd8 11. Rc1 Bf5 12. Na4 Qb5 13. Bxf6 gxf6 14. Nh4 Bd3 15. Re1 Be4 16. Nc3 Qa5 17. Qg4+ Kf8 18. f3 Bg6 19. f4 d4 20. Ne4 dxe3 21. Rxe3 Nd4 22. f5 c4 23. fxg6 hxg6 24. Nxg6+ fxg6 25. Qxg6 f5 26. Nf6 Bxf6 27. Qxf6+ Kg8 28. Re7 1-0

[Event "Sibiria Region-ch Seniors"]
[Site "Prokopevsk"]
[Date "2012.03.12"]
[Round "1"]
[White "Korobeynikov, Alexandr"]
[Black "Khramtsova, Irina"]
[Result "0-1"]
[WhiteElo "1882"]
[BlackElo "2113"]
[PlyCount "84"]
[EventDate "2012.03.12"]
[EventType "swiss"]
[EventRounds "9"]
[EventCountry "RUS"]
[SourceTitle "EXT 2013"]
[Source "ChessBase"]
[SourceDate "2012.11.22"]
[SourceVersion "1"]
[SourceVersionDate "2012.11.22"]
[SourceQuality "1"]

1. d4 d5 2. Nf3 Nf6 3. Bf4 e6 4. Nbd2 c5 5. c3 Nc6 6. Nb3 Ne4 7. e3 a6 8. Qc2 b5 9. Nbd2 Nf6 10. Ne5 Bb7 11. Ndf3 cxd4 12. exd4 Rc8 13. Nxc6 Bxc6 14. Bd3 h6 15. Qe2 Qb6 16. Ne5 Bb7 17. a4 b4 18. a5 Qa7 19. Bd2 bxc3 20. bxc3 Bd6 21. 0-0 0-0 22. Rfb1 Rfd8 23. g4 Ne4 24. Bxe4 dxe4 25. Nc4 Bd5 26. Nb6 Rc6 27. c4 Bxc4 28. Nxc4 Bxh2+ 29. Kxh2 Qc7+ 30. Ne5 Rxd4 31. Bf4 Rc2 32. Qe3 Rdd2 33. Bg3 Re2 34. Qf4 f6 35. Ng6 Rxf2+ 36. Bxf2 Rxf2+ 37. Kh3 Rxf4 38. Nxf4 Qxf4 39. Rf1 Qe5 40. Rfb1 f5 41. gxf5 exf5 42. Ra3 e3 0-1

[Event "Novokuznetsk Spring op"]
[Site "Novokuznetsk"]
[Date "2012.??.??"]
[Round "8"]
[White "Khramtsova, Irina"]
[Black "Storchak, Vitalij"]
[Result "1-0"]
[WhiteElo "2113"]
[BlackElo "2119"]
[PlyCount "59"]
[EventDate "2012.04.04"]
[EventType "swiss"]
[EventRounds "9"]
[EventCountry "RUS"]
[SourceTitle "CBM 148 Extra"]
[Source "ChessBase"]
[SourceDate "2012.06.22"]
[SourceVersion "1"]
[SourceVersionDate "2012.06.22"]
[SourceQuality "1"]

1. d4 g6 2. e4 f5 3. exf5 d5 4. fxg6 hxg6 5. Nf3 Bf5 6. Ne5 Nd7 7. g4 Nxe5 8. dxe5 Bd7 9. Bd3 Kf7 10. Qf3+ Kg7 11. Qxd5 Bc6 12. Qe6 Qe8 13. Rg1 Qf7 14. Qxf7+ Kxf7 15. Bg5 Rxh2 16. f4 e6 17. Nd2 Be7 18. 0-0-0 Bxg5 19. fxg5 Ne7 20. Rdf1+ Kg7 21. Rf6 Bd7 22. Nb3 Rah8 23. Rgf1 Rh1 24. Rf7+ Kg8 25. Rxe7 Rxf1+ 26. Bxf1 Rh1 27. Nd2 Bb5 28. c4 Bxc4 29. Nxc4 Rxf1+ 30. Kc2 1-0

[Event "Novokuznetsk Spring op"]
[Site "Novokuznetsk"]
[Date "2012.??.??"]
[Round "3"]
[White "Komarov, Andrey"]
[Black "Khramtsova, Irina"]
[Result "1-0"]
[WhiteElo "1885"]
[BlackElo "2113"]
[PlyCount "41"]
[EventDate "2012.04.04"]
[EventType "swiss"]
[EventRounds "9"]
[EventCountry "RUS"]
[SourceTitle "CBM 148 Extra"]
[Source "ChessBase"]
[SourceDate "2012.06.22"]
[SourceVersion "1"]
[SourceVersionDate "2012.06.22"]
[SourceQuality "1"]

1. e4 c5 2. Nf3 d6 3. d4 cxd4 4. Nxd4 Nf6 5. Nc3 a6 6. Bg5 Nbd7 7. f4 e6 8. Qf3 Be7 9. Bc4 Nc5 10. b4 Ncd7 11. Bxe6 Ne5 12. fxe5 dxe5 13. Bxc8 Rxc8 14. Nde2 Bxb4 15. 0-0 Bxc3 16. Bxf6 gxf6 17. Nxc3 Qd4+ 18. Kh1 Rxc3 19. Qxf6 0-0 20. Rf5 Rg3 21. hxg3 1-0

[Event "Novokuznetsk Spring op"]
[Site "Novokuznetsk"]
[Date "2012.??.??"]
[Round "9"]
[White "Smotraeva, Valentina"]
[Black "Khramtsova, Irina"]
[Result "0-1"]
[WhiteElo "1840"]
[BlackElo "2113"]
[PlyCount "44"]
[EventDate "2012.04.04"]
[EventType "swiss"]
[EventRounds "9"]
[EventCountry "RUS"]
[SourceTitle "CBM 148 Extra"]
[Source "ChessBase"]
[SourceDate "2012.06.22"]
[SourceVersion "1"]
[SourceVersionDate "2012.06.22"]
[SourceQuality "1"]

1. Nf3 d5 2. g3 d4 3. Bg2 c5 4. 0-0 Nc6 5. d3 Nf6 6. Nbd2 g6 7. Nb3 e5 8. Bg5 h6 9. Bh4 g5 10. Nxg5 hxg5 11. Bxg5 Be7 12. f4 exf4 13. Bxf4 Nd5 14. c4 Nxf4 15. Rxf4 0-0 16. Qf1 Qc7 17. Be4 Ne5 18. Rf6 Kg7 19. Rf5 Rh8 20. Qf4 Bxf5 21. Bxf5 Rh5 22. h4 Rg8 0-1